| 000 | 01151nam a2200301 i 4500 | ||
|---|---|---|---|
| 001 | 179512 | ||
| 003 | ES-MaACL | ||
| 005 | 20240102161534.0 | ||
| 008 | 111219s2010 sp |||| | spa d | ||
| 020 | _a978-84-92820-18-4 | ||
| 080 | _a341.71(460)"19" | ||
| 080 | _a94(460)"1931/39" | ||
| 080 | _a327(460)"1931/39" | ||
| 245 | 0 | 0 |
_aAl servicio de la República : _bdiplomáticos y guerra civil / _cÁngel Viñas (dir.). |
| 260 |
_aMadrid : _bMinisterio de Asuntos Exteriores y de Cooperación : _bMarcial Pons Historia, _c2010. |
||
| 300 |
_a557 p. : _bil., map. ; _c23 cm. |
||
| 490 | 1 | _aCoediciones | |
| 650 | 4 |
_aDiplomáticos- _zEspaña- _vHistoria. _911919 |
|
| 651 | 4 |
_aEspaña- _xHistoria- _y1931-1939, II República. _98283 |
|
| 651 | 4 |
_aEspaña- _xPolítica exterior- _y1931-1939. _98423 |
|
| 700 | 1 |
_aViñas, Ángel, _d1941- _9115369 |
|
| 710 | 1 |
_aEspaña. _bMinisterio de Asuntos Exteriores y de Cooperación. _93847 |
|
| 830 | 1 |
_aCoediciones _9191111 |
|
| 852 | 4 |
_aES-MaACL _9186407 _bR.146066 _jA-11511 _dOlim: N-4515 _cDEPO1 |
|
| 942 |
_2udc _cMONOGRAFIA |
||
| 999 |
_c179512 _d179512 |
||